000
00273 a2200121 4500
001
76630
082
_a
428 NOR
090
_c
39156
_d
39156
100
_a
Norman Susan
245
_a
Going to work in english
260
_a
New York
_b
BBC English
_c
1982
300
_a
xii, 130 p.
942
_a
NUST-CAE
_k
428 NOR
999
_c
311703
_d
311703